Pays qui partagent ces régions n°4 - Statistiques

Statistiques générales
  • Ce quiz a été pris 333 fois
  • Le résultat moyen est 31 sur 39
Statistiques - réponses
Région Pays % Correct
Maghreb Algerie
98%
Maghreb Maroc
98%
Maghreb Tunisie
97%
Lac Ontario Canada
94%
Lac Ontario États Unis
94%
Grandes Antilles États Unis
94%
Maghreb Libye
93%
Grandes Antilles Cuba
91%
Balkans Serbie
91%
Balkans Croatie
90%
Nubie Egypte
88%
Balkans Gréce
88%
Balkans Slovenie
88%
Balkans Albanie
87%
Balkans Kosovo
87%
Balkans Montenegro
87%
Balkans Bosnie Herzégovine
85%
Balkans Macedoine du Nord
85%
Riviera Italie
84%
Balkans Italie
84%
Balkans Bulgarie
83%
Riviera France
83%
Grandes Antilles Jamaïque
83%
Balkans Roumanie
83%
Grandes Antilles Haïti
82%
Asie centrale Kazakhstan
82%
Maghreb Mauritanie
81%
Asie centrale Oúzbekistan
80%
Asie centrale Turkmenistan
80%
Asie centrale Tadjikistan
79%
Grandes Antilles République dominicaine
78%
Asie centrale Kirghizistan
77%
Nubie Soudan
76%
Balkans Turquie
62%
Bessarabie Moldavie
61%
Bessarabie Ukraine
60%
Livonie Estonie
33%
Livonie Lettonie
33%
Grandes Antilles Royaume-Uni
22%
Aucun quiz correspondant
Distribution des résultats
% des personnes avec chaque résultat
Percentile par nombre de réponses
Votre historique - résultats
Vous n’avez pas pris ce quiz